| 000 | 00493pab a2200193 454500 | ||
|---|---|---|---|
| 008 | 180718b2012 xxu||||| |||| 00| 0 eng d | ||
| 100 | _aKuriakose, Francis | ||
| 245 | _aSafe drinking water and improved sanitation in rural India | ||
| 260 | _c2012 | ||
| 300 | _ap.45-47. | ||
| 362 | _aOct | ||
| 650 | _aSanitatioin - India | ||
| 650 | _aDrinking water - India | ||
| 650 | _aDrinking water | ||
| 700 | _aIyer, Deepa Kylasam | ||
| 773 | _aKurukshetra | ||
| 908 | _aN | ||
| 909 | _a97962 | ||
| 999 |
_c97961 _d97961 |
||